00949cam a22002777a 450000500170000000800410001701000100005801100100006803500100007808200150008810000300010324500650013326000420019830000200024049000350026059000410029559000410033659000410037759000410041859000420045965000480050183000430054990100070059294900550059999900170065420220329141124.0971010c19861977 r 00010 d a62949 a63921 a68668 a638.6bR3y00aRandall, Robert W.994562 0aReal del monteb: Una empresa minera británica en México aMéxico, D. F. :bFCE,c1986 [c1977] a284 p.b: ilus. 0aSección de obras de historia aBATCH-UPDb10c20130110lUCH01h0440 aBATCH-UPDb10c20130110lUCH01h2346 aBATCH-UPDb10c20130410lUCH01h0116 aBATCH-UPDb10c20130914lUCH01h1819 aCONVERSIONb10c20130109lUCH01h133414aMinas y recursos mineralesxHidalgo.9759130 aSección de obras de historia9103507 aBK a638.6 R3ybSRcLIBROd-816eLIBROh10381i68668si c62949d62949